The fish that ate the whale : (Record no. 1177)

000 -LEADER
fixed length control field 01220nam a22003617a 4500
001 - CONTROL NUMBER
control field 16987878
003 - CONTROL NUMBER IDENTIFIER
control field OSt
005 - DATE AND TIME OF LATEST TRANSACTION
control field 20210426115753.0
008 - FIXED-LENGTH DATA ELEMENTS--GENERAL INFORMATION
fixed length control field 111004s2012 nyub b 000 0beng
010 ## - LIBRARY OF CONGRESS CONTROL NUMBER
LC control number 2011041207
020 ## - INTERNATIONAL STANDARD BOOK NUMBER
International Standard Book Number 9780374299279
040 ## - CATALOGING SOURCE
Original cataloging agency DLC
Transcribing agency DLC
Modifying agency DLC
042 ## - AUTHENTICATION CODE
Authentication code pcc
043 ## - GEOGRAPHIC AREA CODE
Geographic area code n-us-la
050 00 - LIBRARY OF CONGRESS CALL NUMBER
Classification number HD9259.B2
Item number Z463 2012
066 ## - CHARACTER SETS PRESENT
Alternate G0 or G1 character set (2
080 ## - UNIVERSAL DECIMAL CLASSIFICATION NUMBER
Universal Decimal Classification number 821.111
Item number C-68
082 00 - DEWEY DECIMAL CLASSIFICATION NUMBER
Classification number 338.7/634772092
-- B
Edition number 23
100 1# - MAIN ENTRY--PERSONAL NAME
Personal name Cohen, Rich.
245 14 - TITLE STATEMENT
Title The fish that ate the whale :
Remainder of title the life and times of America's banana king /
Statement of responsibility, etc. Rich Cohen.
250 ## - EDITION STATEMENT
Edition statement 1st ed.
260 ## - PUBLICATION, DISTRIBUTION, ETC.
Place of publication, distribution, etc. New York :
Name of publisher, distributor, etc. Farrar, Straus and Giroux,
Date of publication, distribution, etc. 2012.
300 ## - PHYSICAL DESCRIPTION
Extent xiii, 270 p. :
Other physical details map ;
Dimensions 24 cm.
504 ## - BIBLIOGRAPHY, ETC. NOTE
Bibliography, etc. note Includes bibliographical references (p. [259]-270).
600 10 - SUBJECT ADDED ENTRY--PERSONAL NAME
Personal name Zemurray, Samuel,
Dates associated with a name 1877-1961.
610 20 - SUBJECT ADDED ENTRY--CORPORATE NAME
Corporate name or jurisdiction name as entry element United Fruit Company
Form subdivision Biography.
650 #0 - SUBJECT ADDED ENTRY--TOPICAL TERM
Topical term or geographic name entry element Jewish businesspeople
Geographic subdivision Louisiana
-- New Orleans
Form subdivision Biography.
650 #0 - SUBJECT ADDED ENTRY--TOPICAL TERM
Topical term or geographic name entry element Banana trade
Geographic subdivision Louisiana
-- New Orleans
General subdivision History.
653 ## - INDEX TERM--UNCONTROLLED
Uncontrolled term ინგლისური ლიტერატურა
906 ## - LOCAL DATA ELEMENT F, LDF (RLIN)
a 7
b cbc
c orignew
d 1
e ecip
f 20
g y-gencatlg
942 ## - ADDED ENTRY ELEMENTS (KOHA)
Source of classification or shelving scheme
Koha item type Books
Holdings
Withdrawn status Lost status Source of classification or shelving scheme Damaged status Not for loan Permanent location Current location Date acquired Inventory number Total Checkouts Full call number Barcode Date last seen Price effective from Koha item type
          Ken Walker International University Ken Walker International University 02/04/2021 389   821.111 C-68 389 02/04/2021 02/04/2021 Books

Powered by Koha